[Event "Damhus-ch D"]
[Site "Rodovre"]
[Date "2011.10.11"]
[Round "6"]
[White "Hansen, Soren Sonderkaer"]
[Black "Nielsen, Niels Holger"]
[Result "1-0"]
[WhiteElo "1300"]
[BlackElo "1355"]
[PlyCount "81"]
[EventDate "2011.09.06"]
[EventType "swiss"]
[EventRounds "7"]
[EventCountry "DEN"]
[SourceTitle "EXT 2023"]
[Source "ChessBase"]
[SourceDate "2022.10.05"]
[SourceVersion "1"]
[SourceVersionDate "2022.10.05"]
[SourceQuality "1"]

1. d4 Nf6 2. Bf4 e6 3. g3 Be7 4. Nc3 0-0 5. Qd2 d5 6. Nf3 c5 7. e3 Nc6 8. Be2 b6 9. h4 Bb7 10. 0-0-0 Rc8 11. Ne5 a6 12. Nxc6 Rxc6 13. g4 Ne8 14. Rhg1 Bxh4 15. g5 Bxf2 16. Rg2 cxd4 17. exd4 Bxd4 18. Qxd4 f6 19. gxf6 Qxf6 20. Be5 Qe7 21. Rf1 Rc7 22. Bxc7 Qxc7 23. Kb1 e5 24. Qg4 Rf4 25. Qe6+ Qf7 26. Qxf7+ Rxf7 27. Na4 Rf6 28. Rg5 d4 29. Rxe5 Kf7 30. Bc4+ Kf8 31. Rfe1 Nd6 32. Nxb6 Nxc4 33. Nxc4 Bc6 34. Re6 Rxe6 35. Rxe6 Bd5 36. Rxa6 Bxc4 37. Ra4 Bb5 38. Rxd4 Kf7 39. a4 Be2 40. a5 Ke6 41. Re4+ 1-0

[Event "Damhus-ch D"]
[Site "Rodovre"]
[Date "2011.09.06"]
[Round "1"]
[White "Wadtland, Flemming"]
[Black "Nielsen, Niels Holger"]
[Result "0-1"]
[WhiteElo "1061"]
[BlackElo "1355"]
[PlyCount "128"]
[EventDate "2011.09.06"]
[EventType "swiss"]
[EventRounds "7"]
[EventCountry "DEN"]
[SourceTitle "EXT 2023"]
[Source "ChessBase"]
[SourceDate "2022.10.05"]
[SourceVersion "1"]
[SourceVersionDate "2022.10.05"]
[SourceQuality "1"]

1. c4 c5 2. g3 Nc6 3. Bg2 e6 4. Nc3 Nf6 5. Nf3 d5 6. cxd5 exd5 7. d4 cxd4 8. Nxd4 h6 9. 0-0 a6 10. e3 Bc5 11. Nb3 Ba7 12. Nxd5 0-0 13. Nxf6+ Qxf6 14. Qe2 Re8 15. Nd2 Bf5 16. g4 Bg6 17. Qf3 Qe6 18. Qd5 Qxg4 19. Qc4 Qxc4 20. Nxc4 Bd3 21. Nd6 Bxf1 22. Nxe8 Bxg2 23. Nf6+ gxf6 24. Kxg2 Rd8 25. b3 Rd1 26. Bb2 Rxa1 27. Bxa1 Kg7 28. Kf3 Ne5+ 29. Ke4 Ng4 30. Kf5 Ne5 31. h3 Nd7 32. Bd4 Bb8 33. f4 Bc7 34. b4 b5 35. e4 a5 36. a3 axb4 37. axb4 Bd6 38. Bc3 h5 39. h4 Kf8 40. e5 fxe5 41. fxe5 Be7 42. Be1 Nb6 43. e6 Nd5 44. exf7 Kxf7 45. Ke4 Nxb4 46. Bf2 Nc6 47. Kd5 Nd8 48. Bg3 Ne6 49. Ke4 b4 50. Kd3 Ng7 51. Kc4 Nf5 52. Be1 Nxh4 53. Bg3 Nf5 54. Bh2 Ke6 55. Kb3 Kd5 56. Bg1 h4 57. Bh2 Nd4+ 58. Kb2 Bf6 59. Kb1 Kc4 60. Bd6 Nb3 61. Kc2 h3 62. Bh2 Nd4+ 63. Kb1 b3 64. Bb8 Nf3 0-1

[Event "Rodovre-ch B"]
[Site "Rodovre"]
[Date "2007.10.23"]
[Round "7"]
[White "Nielsen, Niels Holger"]
[Black "Nielsen, Kurt Sogaard"]
[Result "1/2-1/2"]
[WhiteElo "1489"]
[BlackElo "1594"]
[PlyCount "103"]
[EventDate "2007.09.04"]
[EventType "tourn"]
[EventRounds "7"]
[EventCountry "DEN"]
[SourceTitle "EXT 2023"]
[Source "ChessBase"]
[SourceDate "2022.10.05"]
[SourceVersion "1"]
[SourceVersionDate "2022.10.05"]
[SourceQuality "1"]

1. e4 c5 2. Nf3 Nc6 3. d4 cxd4 4. Nxd4 e6 5. Be2 Nf6 6. Nc3 Bb4 7. Bg5 a6 8. 0-0 Be7 9. a3 0-0 10. Nf3 h6 11. Bh4 Nxe4 12. Nxe4 Bxh4 13. Nxh4 Qxh4 14. Nd6 Qf4 15. Nxc8 Raxc8 16. Qxd7 b5 17. Qb7 Nd4 18. Bd3 Qd6 19. Qe4 f5 20. Qh4 Nxc2 21. Rad1 Qe5 22. Qh5 Qf6 23. Rd2 Nd4 24. Rfd1 e5 25. Bb1 Rc6 26. Ba2+ Kh7 27. Qh3 Rfc8 28. Qd3 Rc1 29. Qf1 Rxd1 30. Qxd1 Qg5 31. Bb1 Nf3+ 32. Qxf3 Qxd2 33. Qxf5+ Kg8 34. Qh7+ Kf8 35. Qf5+ Ke7 36. g3 Rc1+ 37. Kg2 Qxb2 38. Be4 Qd4 39. Qg6 Kd8 40. Qh7 Rc4 41. Qg8+ Kc7 42. Qxg7+ Kb6 43. Qxh6+ Ka5 44. Bb7 Qb6 45. Qd2+ b4 46. Qd5+ Rc5 47. axb4+ Qxb4 48. Qd8+ Qb6 49. Qd2+ Ka4 50. Qa2+ Kb5 51. Qb3+ Ka5 52. Z0 1/2-1/2

[Event "Rodovre-ch B"]
[Site "Rodovre"]
[Date "2007.10.02"]
[Round "5"]
[White "Nielsen, Niels Holger"]
[Black "Gemzoe, Bjorn"]
[Result "1-0"]
[WhiteElo "1489"]
[BlackElo "1524"]
[PlyCount "95"]
[EventDate "2007.09.04"]
[EventType "tourn"]
[EventRounds "7"]
[EventCountry "DEN"]
[SourceTitle "EXT 2023"]
[Source "ChessBase"]
[SourceDate "2022.10.05"]
[SourceVersion "1"]
[SourceVersionDate "2022.10.05"]
[SourceQuality "1"]

1. e4 d6 2. d4 Nd7 3. Bb5 c6 4. Ba4 Nb6 5. Bb3 e6 6. Nf3 Ne7 7. Bg5 f6 8. Bh4 Ng6 9. Bg3 Be7 10. 0-0 0-0 11. c4 e5 12. c5+ d5 13. cxb6 axb6 14. exd5 cxd5 15. dxe5 fxe5 16. Bxd5+ Kh8 17. Bxe5 Ra5 18. Nc3 Rxf3 19. Bxg7+ Kxg7 20. Qxf3 Bf6 21. Bb3 Rf5 22. Rad1 Qf8 23. Qe3 Be7 24. Ne4 Rf4 25. Qc3+ Kh6 26. Bd5 Bf5 27. Ng3 Bc5 28. Nxf5+ Qxf5 29. Qh3+ Qxh3 30. gxh3 Rh4 31. Kg2 Rh5 32. f4 Ne7 33. Bxb7 Nf5 34. Rd3 Ne3+ 35. Rxe3 Bxe3 36. Rf3 Bd4 37. b3 Ra5 38. a4 Ra7 39. Bd5 Rg7+ 40. Rg3 Rd7 41. Bc4 Bc5 42. Kf3 Rd2 43. Rg2 Rd7 44. Re2 Rg7 45. Re6+ Kh5 46. a5 Rb7 47. Ke4 Bg1 48. Be2+ 1-0

[Event "Rodovre-ch B"]
[Site "Rodovre"]
[Date "2007.09.04"]
[Round "1"]
[White "Helleshoj, Knud Erik"]
[Black "Nielsen, Niels Holger"]
[Result "1-0"]
[WhiteElo "1527"]
[BlackElo "1489"]
[PlyCount "30"]
[EventDate "2007.09.04"]
[EventType "tourn"]
[EventRounds "7"]
[EventCountry "DEN"]
[SourceTitle "EXT 2023"]
[Source "ChessBase"]
[SourceDate "2022.10.05"]
[SourceVersion "1"]
[SourceVersionDate "2022.10.05"]
[SourceQuality "1"]

1. e4 e5 2. Nf3 Nc6 3. d4 exd4 4. c3 dxc3 5. Nxc3 Bb4 6. Bc4 Bxc3+ 7. bxc3 Qe7 8. 0-0 d6 9. Qb3 Na5 10. Qa4+ Nc6 11. Bf4 Bd7 12. Qb3 Na5 13. Qb4 Nxc4 14. Qxc4 Bc6 15. Nd4 Qe6 1-0

[Event "Rodovre-ch B"]
[Site "Rodovre"]
[Date "2004.10.19"]
[Round "7"]
[White "Nielsen, Niels Holger"]
[Black "Johansen, Erik"]
[Result "0-1"]
[WhiteElo "1550"]
[BlackElo "1493"]
[PlyCount "24"]
[EventDate "2004.08.31"]
[EventType "tourn"]
[EventRounds "7"]
[EventCountry "DEN"]
[SourceTitle "EXT 2023"]
[Source "ChessBase"]
[SourceDate "2022.10.05"]
[SourceVersion "1"]
[SourceVersionDate "2022.10.05"]
[SourceQuality "1"]

1. e4 c5 2. Nf3 Nc6 3. d4 cxd4 4. Nxd4 Nf6 5. Nc3 g6 6. Be2 d6 7. 0-0 Bg7 8. Be3 0-0 9. Qd2 Bd7 10. a3 Rc8 11. f3 a6 12. Bh6 Bxh6 0-1

[Event "Rodovre-ch B"]
[Site "Rodovre"]
[Date "2004.09.28"]
[Round "5"]
[White "Nielsen, Niels Holger"]
[Black "Christensen, Henning"]
[Result "1/2-1/2"]
[WhiteElo "1550"]
[BlackElo "1636"]
[PlyCount "103"]
[EventDate "2004.08.31"]
[EventType "tourn"]
[EventRounds "7"]
[EventCountry "DEN"]
[SourceTitle "EXT 2023"]
[Source "ChessBase"]
[SourceDate "2022.10.05"]
[SourceVersion "1"]
[SourceVersionDate "2022.10.05"]
[SourceQuality "1"]

1. e4 e5 2. Nf3 Nc6 3. Bb5 Bc5 4. c3 f5 5. exf5 e4 6. Nd4 Nf6 7. 0-0 Bxd4 8. cxd4 Nxd4 9. Bc4 d5 10. Bb3 Bxf5 11. Nc3 Qd6 12. Ba4+ c6 13. d3 Ng4 14. g3 Nf3+ 15. Kg2 Qe6 16. dxe4 Bxe4 17. Nxe4 Qxe4 18. Qxf3 Qxf3+ 19. Kxf3 Nxh2+ 20. Kg2 Nxf1 21. Kxf1 Kd7 22. Be3 b6 23. Rd1 b5 24. Bc2 h5 25. Bd4 h4 26. g4 Kd6 27. b3 c5 28. Be3 d4 29. b4 Ke5 30. f4+ Kf6 31. g5+ Ke7 32. Bc1 h3 33. bxc5 a5 34. Kg1 h2+ 35. Kg2 Rac8 36. Re1+ Kf8 37. Kh1 Rxc5 38. Bb3 Rc3 39. Bd2 a4 40. Bd5 b4 41. g6 Rhh3 42. Bc6 Rhe3 43. Bxe3 Rxe3 44. Rd1 b3 45. axb3 a3 46. Kxh2 a2 47. Ba4 d3 48. Kg2 d2 49. Rxd2 a1Q 50. Rd8+ Ke7 51. Re8+ Kf6 52. Rxe3 1/2-1/2

[Event "Rodovre-ch B"]
[Site "Rodovre"]
[Date "2004.09.07"]
[Round "2"]
[White "Hovhannes, Tutundjan"]
[Black "Nielsen, Niels Holger"]
[Result "1-0"]
[WhiteElo "1582"]
[BlackElo "1550"]
[PlyCount "78"]
[EventDate "2004.08.31"]
[EventType "tourn"]
[EventRounds "7"]
[EventCountry "DEN"]
[SourceTitle "EXT 2023"]
[Source "ChessBase"]
[SourceDate "2022.10.05"]
[SourceVersion "1"]
[SourceVersionDate "2022.10.05"]
[SourceQuality "1"]

1. c4 Nf6 2. d4 g6 3. Nc3 Bg7 4. e4 d6 5. Bg5 0-0 6. Nf3 c5 7. d5 Nbd7 8. Be2 a6 9. 0-0 Rb8 10. Qc2 h6 11. Bd2 Nb6 12. Qc1 Kh7 13. Re1 e6 14. Bd3 Ng8 15. Re3 f5 16. exf5 exf5 17. Qc2 Nd7 18. Rae1 Ne5 19. Nxe5 dxe5 20. f3 Qd6 21. R3e2 Bd7 22. Rf2 b5 23. b3 Rf7 24. Ne2 bxc4 25. bxc4 f4 26. Nc3 Nf6 27. Bxg6+ Kg8 28. Bxf7+ Kxf7 29. Ne4 Nxe4 30. Qxe4 Qf6 31. Bc3 Re8 32. Rb2 Bf5 33. Qe2 Re7 34. Qd1 Qd6 35. Rbe2 h5 36. Qa1 Bd3 37. Bxe5 Qg6 38. Rd2 Bxc4 39. Bxg7 Qxg7 1-0